| 000 | 00526 a2200145 4500 | ||
|---|---|---|---|
| 999 |
_c30058 _d30058 |
||
| 003 | NUST | ||
| 005 | 20180118121902.0 | ||
| 008 | 180118b xxu||||| |||| 00| 0 eng d | ||
| 022 | _aNil | ||
| 082 | _a530.15 | ||
| 100 |
_aQAD _98695 |
||
| 245 |
_aApplication of Symmetry Methods _bProceedings of the workshop held from October 15-17, 2002 at Quaid-i-Azad University, Islamabad _cAsghar Qadir and Khalid Saifullah |
||
| 260 |
_aIslamabad _bNational Centre for Physics, QAU, Islamabad _cNational Centre for Physics, QAU, Islamabad |
||
| 300 | _bHB | ||
| 600 |
_aQadir, Asghar _98696 |
||
| 942 |
_aSNS _cBK _k530.12 QAD _2ddc |
||